[Event "Riga RTU op-A"]
[Site "Riga"]
[Date "2011.08.09"]
[Round "1"]
[White "Klochan, Jevgeny"]
[Black "Starostits, Ilmars"]
[Result "0-1"]
[WhiteElo "2155"]
[BlackElo "2500"]
[PlyCount "68"]
[EventDate "2011.08.09"]
[EventType "swiss"]
[EventRounds "9"]
[EventCountry "LAT"]
[SourceTitle "EXT 2012"]
[Source "ChessBase"]
[SourceDate "2011.11.24"]
[SourceVersion "1"]
[SourceVersionDate "2011.11.24"]
[SourceQuality "1"]

1. e4 c6 2. d4 d5 3. Nc3 dxe4 4. Nxe4 Bf5 5. Ng3 Bg6 6. h4 h6 7. Nf3 Nf6 8. Ne5 Bh7 9. Bd3 Bxd3 10. Qxd3 e6 11. Bd2 Be7 12. 0-0-0 Nbd7 13. Qb3 Qb6 14. Rhe1 Rd8 15. Nc4 Qxb3 16. axb3 b5 17. Na5 Rc8 18. c4 Nb6 19. f4 Ng4 20. Re2 0-0 21. Nf5 Bf6 22. Nd6 Rc7 23. f5 Bxd4 24. fxe6 fxe6 25. Rxe6 Nf2 26. Rf1 Nd3+ 27. Kc2 Rxf1 28. Kxd3 Bxb2 29. Ne8 Rd7+ 30. Ke2 Rg1 31. Be3 Rxg2+ 32. Kf3 Rc2 33. Rxc6 Rf7+ 34. Kg4 Re7 0-1